000 00692nam a2200241Ia 4500
003 OSt
005 20220925211307.0
006 a|||||r|||| 00| 0
007 ta
008 220923b |||||||| |||| 00| 0 eng d
020 _a0801830877
037 _cGeneral Book
040 _aRTL
_cRTL
_beng
041 _2eng
_aeng
082 _aX9(D2):75.73.N8, M3
100 _aAnderson Terry L
_9120116
245 0 _aWater crisis
_b Ending the policy drought
260 _aJohn
_bHopkins University Press
_c1983
300 _axii,121p.
_ccm.
650 _aEngineering
_92968
942 _hX9(D2):75.73.N8, M3
_cGB
_2CC
999 _c557270
_d557270